A jogi személyek a nemzetközi magánjogban
Elmentve itt :
| Szerző: | |
|---|---|
| Dokumentumtípus: | Cikk |
| Sorozat: | Kolligátum
|
| Kulcsszavak: | Jogi személy - nemzetközi magánjog |
| Online Access: | http://misc.bibl.u-szeged.hu/24368 |
| LEADER | 00541nab a2200157 i 4500 | ||
|---|---|---|---|
| 001 | misc24368 | ||
| 005 | 20191111110823.0 | ||
| 008 | 170801suuuu hu o 0|| zxx d | ||
| 040 | |a SZTE Miscellanea Repozitórium |b hun | ||
| 041 | |a zxx | ||
| 100 | 1 | |a Réthey Ferenc | |
| 245 | 1 | 2 | |a A jogi személyek a nemzetközi magánjogban |h [elektronikus dokumentum] / |c Réthey Ferenc |
| 300 | |a 126-134 | ||
| 490 | 0 | |a Kolligátum | |
| 695 | |a Jogi személy - nemzetközi magánjog | ||
| 856 | 4 | 0 | |u http://misc.bibl.u-szeged.hu/24368/1/011_015_126-134.pdf |z Dokumentum-elérés |